Educating the gifted: A book of readings/ (Record no. 36730)

000 -LEADER
fixed length control field 00366nam a2200133Ia 4500
008 - FIXED-LENGTH DATA ELEMENTS--GENERAL INFORMATION
fixed length control field 190923s9999||||xx |||||||||||||| ||und||
100 ## - MAIN ENTRY--AUTHOR NAME
Personal name French, Joseph L.
245 #0 - TITLE STATEMENT
Title Educating the gifted: A book of readings/
260 ## - PUBLICATION, DISTRIBUTION, ETC. (IMPRINT)
Place of publication New York:
Name of publisher Henry Holt and Co.,
Year of publication 1960
300 ## - PHYSICAL DESCRIPTION
Number of Pages 555
650 ## - SUBJECT ADDED ENTRY--TOPICAL TERM
Topical Term Identifying Gifted Children
942 ## - ADDED ENTRY ELEMENTS (KOHA)
Koha item type Books
Holdings
Lost status Damaged status Not for loan Collection code Permanent Location Current Location Shelving location Full call number Accession Number Koha item type
        RIE AJMER LIBRARY RIE AJMER LIBRARY General Stacks 371.95 FRE-E 50283 Books

Powered by Koha